La decouverte de l´ Amérique (Record no. 3537)

MARC details
000 -CABECERA
campo de control de longitud fija 00661nam a2200217 a 4500
001 - NÚMERO DE CONTROL
campo de control BRCA_3808
005 - FECHA Y HORA DE LA ÚLTIMA TRANSACCIÓN
campo de control 20190320204431.0
008 - DATOS DE LONGITUD FIJA--INFORMACIÓN GENERAL
campo de control de longitud fija 221109s1843----fr-a######---#000-0#fre-#
041 ## - CÓDIGO DE LENGUA
Código de lengua del texto/banda sonora o título independiente fre
044 ## - CÓDIGO DEL PAÍS DE LA ENTIDAD EDITORA/PRODUCTORA
Código MARC del país fr
050 #4 - SIGNATURA TOPOGRÁFICA DE LA BIBLIOTECA DEL CONGRESO
Número de clasificación E111
Número de documento/Ítem .C19 1843
100 1# - ENTRADA PRINCIPAL--NOMBRE DE PERSONA
Nombre de persona Campe, Joach. Heinr
Fechas asociadas al nombre 1746-1818.
9 (RLIN) 9923
245 10 - MENCIÓN DE TÍTULO
Título La decouverte de l´ Amérique
Mención de responsabilidad, etc. J. H. Campe ; tr. de l´ allemand de Campe par P. C. Gérard.
260 ## - PUBLICACIÓN, DISTRIBUCIÓN, ETC.
Lugar de publicación, distribución, etc. París
Nombre del editor, distribuidor, etc. Lamglumé et Peltier
Fecha de publicación, distribución, etc. 1843
300 ## - DESCRIPCIÓN FÍSICA
Extensión 308 p.
Otras características físicas il. , 3 láminas
Dimensiones 21 cm.
500 ## - NOTA GENERAL
Nota general B169
651 #4 - PUNTO DE ACCESO ADICIONAL DE MATERIA--NOMBRE GEOGRÁFICO
Nombre geográfico Ámerica
Subdivisión de forma Descubrimiento y exploración.
9 (RLIN) 9924
651 #4 - PUNTO DE ACCESO ADICIONAL DE MATERIA--NOMBRE GEOGRÁFICO
Nombre geográfico América
Subdivisión de forma Historia.
9 (RLIN) 9925
902 ## - CATALOGADOR
Iniciales GFM
942 ## - ELEMENTOS DE PUNTO DE ACCESO ADICIONAL (KOHA)
Fuente del sistema de clasificación o colocación Library of Congress Classification
Tipo de ítem Koha Libros
Holdings
Estado de retiro Estado de pérdida Estado dañado No para préstamo Localización permanente Ubicación/localización actual Fecha de adquisición Número de inventario Total de préstamos Signatura topográfica completa Código de barras Fecha visto por última vez Precio válido a partir de Tipo de ítem Koha
El ejemplar forma parte de la colección y puede ser consultado según las políticas vigentes.       Biblioteca del Museo Franz Mayer (Rogerio Casas-Alatriste) Biblioteca del Museo Franz Mayer (Rogerio Casas-Alatriste) 22/11/2009 B169   E111 .C19 1843 (B169) 3805 22/03/2019 22/03/2019 Libros